000 00315nam a2200133Ia 4500
005 20251222140101.0
008 251222s1900||||xx |||||||||||||| ||spa||
020 _a84-321-2462-1
082 _a128/C572
100 _aChoza, Jacinto
245 0 _aManual de Antropología Filosófica
264 _bRIALP
942 _cLIB
999 _c3922
_d3922